Los lm̕ites al derecho de acceso a la informacin̤ pb︢lica

Detalles Bibliográficos
Formato: eBook
Lenguaje:español
Publicado: Madrid: Instituto Nacional de Administracin̤ Pb︢lica (INAP), 2017
Materias:
Acceso en línea:Acceso restringido

MARC

LEADER 00000nam a22000007a 4500
005 20170709235823.0
007 cr|||| ||||
008 170710s2017 es |||||s|||| 00||0 spa d
020 |a 978-84-7351-577-1 
035 |a 20409 
040 |a vLex 
090 |c 6813  |d 6813 
245 0 3 |a Los lm̕ites al derecho de acceso a la informacin̤ pb︢lica  |h [Recurso electrn̤ico] / 
256 |a Servicio en ln̕ea 
260 |a Madrid:  |b Instituto Nacional de Administracin̤ Pb︢lica (INAP),  |c 2017 
300 |a 1 recurso electrn̤ico 
506 1 |a Disponible solo en los productos indicados  |d vLex Global  |d vLex Global (Academic Edition, excluding Law Schools)  |d vLex Global (U.S. Academic Edition, Law Schools)  |d vLex Global (U.S. Academic Edition, excluding Law Schools)  |d vLex Global (Academic Edition, Law Schools) 
650 0 4 |a Derecho Pb︢lico y Administrativo  |z Espaą 
740 0 |a vLex Libros (Servicio en ln̕ea) 
856 4 0 |u http://vlex.com/source/los-limites-al-derecho-de-acceso-a-la-informacion-publica-20409  |z Acceso restringido 
942 |c BOOK 
999 0 |a Public and Administrative Law